1327 1018 1552 1205 1058 1586 1006 1452 1370 1631 1791 1225 1136 1328 1501 1854 1810 1193 1487 1815 1923 1865 1079 1589 1219 1041 1268 1720 1781 1621 1056 1108 1347 1228 1700 1380 1443 1552 1561 1972 1361 1790 1280 1034 1559 1341 1129 1481 1752 1312 1752 1074 1938 1717 1768 1279 1702 1759 1579 1041 1448 1753 1833 1054 1944 1036 1059 1891 1737 1495 1296 1634 1843 1979 1185 1560 1403 1210 1547 1821 1632 1186 1968 1688 1685 1209 1956 1978 1235 1220 1977 1054 1093 1617 1530 1131 1295 1854 1395 BCNSPRNW ULIB Ver.6.0+V

เปลี่ยนเป็นภาษาไทย

Change to English
 แสดงรายละเอียดบรรณานุกรม
  กลับหน้าหลัก

Brief Record : Get Marc (ISO 2709) : E-mail record : QR code < ปิดหน้าต่าง
LEADER : 00000nam 2200000uu 4500
001    13399112066
003     ULIB
008    110627s2553||||th 000 0 tha d
020    9786169000983
090    นว.^bค953ส 2553
100 0  โคม รัตติกาล
245 00 สืบ/ค้น/วิญญาณ/^cโคม รัตติกาล
250    พิมพ์ครั้งที่ 1
260    กรุงเทพฯ :^bพิมพ์ใจ,^c2553
300    188 หน้า
710 1  พิมพ์ใจ
945    ^p139^l0^i028098
995    ทศพร
999 ^a ใช้งานได้ทุกระบบ
รายการนี้ยังไม่มีแท็ก
คุณยังไม่ได้ล็อกอิน คุณสามารถมีกิจกรรมร่วมกับเว็บไซต์ได้ แต่ต้องล็อกอินก่อน ::
  ล็อกอิน

รายการสื่อสารสนเทศ

ลำดับที่ ประเภท เลขเรียก/บาร์โค้ด สถานที่ สถานะ
- ไม่พบข้อมูล -

BibComment


ยังไม่เคยถูกคอมเมนท์

คอมเมนท์ทรัพยากรรายการนี้
  คอมเมนท์: สืบค้นวิญญาณ โคม ..


 Copyright 2026. Bcnsprnw @Library